الملكية الصناعية : (Record no. 23353)
[ view plain ]
| 000 -الفاتح | |
|---|---|
| حقل البيانات ثابتة الطول | 01810nam a22003015a 4500 |
| 003 - محدد رقم الضبط | |
| رقم الضبط | OSt |
| 005 - وقت وتاريخ اخر تعامل مع التسجيلة | |
| رقم الضبط | 20170214121555.0 |
| 008 - عناصر البيانات ثابتة الطول - معلومات عامة | |
| حقل البيانات ثابتة الطول | 161127s2016 ua frb 000 0 ara d |
| 015 ## - | |
| -- | 2003 / 11068 |
| 020 ## - الرقم الدولى المعيارى للكتب | |
| الرقم الدولى المعيارى للكتاب | 9770441708 |
| 040 ## - مصدر الفهرسة | |
| وكالة الفهرسة الأصلية | EG-ScBUE |
| لغة الفهرسة | ara |
| وكالة النسخ | EG-ScBUE |
| 043 ## - رمز المنطقة الجغرافية | |
| رمز المنطقة الجغرافية | f-ua--- |
| 082 04 - رقم تصنيف ديوى العشرى | |
| رقم التصنيف | 346.62048 |
| رقم المادة | ق ل ي |
| رقم الطبعة | 22 |
| 100 1# - المدخل الرئيسى - إسم شخصى | |
| الإسم الشخصى | قليوبي، سميحة. |
| 245 12 - بيان العنوان | |
| العنوان | الملكية الصناعية : |
| بقية العنوان | براءات الاختراع - نماذج المنفعة... : وفقا لأحكام قانون حماية الملكية الفكرية رقم 82 لسنة 2002 ولائحته التنفيذية واتفاقية التربس / |
| بيان المسئوليه,etc | سميحة القليوبي. |
| 250 ## - بيان الطبعة | |
| بيان الطبعة | ط. 10. |
| 260 ## - PUBLICATION, DISTRIBUTION, ETC. (IMPRINT) | |
| مكان الناشر او الموزع | القاهرة : |
| اسم الناشر او الموزع | دار النهضة العربية، |
| تاريخ النشر أو التوزيع | 2016. |
| 300 ## - الوصف المادى | |
| التعداد | 1045 ص. ؛ |
| أبعاد الوعاء | 24 سم. |
| 504 ## - تبصرة ببليوجرافية | |
| تبصرة ببليوجرافية,الخ | يشتمل على إرجاعات ببليوجرافية. |
| 505 ## - تبصرة محتويات-الفهرس | |
| تبصرة المحتويات المصاغة | براءات الاختراع - نماذج المنفعة - التصميمات التخطيطية للدوائر المتكاملة - المعلومات غير المفصح عنها - العلامات والبيانات التجارية والمؤشرات الجغرافية - التصميمات والنماذج الصناعية - الأصناف النباتية - الإسم التجاري. |
| 630 #7 - المدخل الاضافى بالموضوع - عنوان موحد | |
| عنوان موحد | اتفاقية الجوانب المتصلة بالتجارة من حقوق الملكية الفكرية |
| تاريخ توقيع المعاهده | (15 إبريل 1994) |
| مصدر الرأس أو المصطلح | BUEsh |
| 650 #7 - المدخل الاضافى بالموضوع-مصطلح موضوعى | |
| مصطلح موضوعي أو اسم جغرافي كعنصر مدخل | الملكية الصناعية |
| التقسيم الفرعي العام | قوانين وتشريعات |
| التقسيم الفرعي الجغرافي | مصر. |
| مصدر الرأس أو المصطلح | BUEsh |
| 650 #7 - المدخل الاضافى بالموضوع-مصطلح موضوعى | |
| مصطلح موضوعي أو اسم جغرافي كعنصر مدخل | براءات الاختراع |
| التقسيم الفرعي العام | قوانين وتشريعات |
| التقسيم الفرعي الجغرافي | مصر. |
| مصدر الرأس أو المصطلح | BUEsh |
| 9 (RLIN) | 41045 |
| 650 #7 - المدخل الاضافى بالموضوع-مصطلح موضوعى | |
| مصطلح موضوعي أو اسم جغرافي كعنصر مدخل | العلامات التجارية |
| التقسيم الفرعي العام | قوانين وتشريعات |
| التقسيم الفرعي الجغرافي | مصر. |
| مصدر الرأس أو المصطلح | BUEsh |
| 651 ## - المدخل الاضافى بالموضوع - اسم جغرافى | |
| مصدر الرأس أو المصطلح | BUEsh |
| 653 ## - مصطلح تكشيفى غير مقيد | |
| Resource For college | Law |
| Arrived date list | November2016 |
| 942 ## - عناصر المدخل الإضافي( كوها) | |
| مصدر التصنيف او مخطط الترفيف | Dewey Decimal Classification |
| حالة التراجع | حالة الفقد | مصدر التصنيف او خطة الترفيف | حالة تلف | ليس للاعارة | مجموعات كوها | المكان الدائم | المكان الحالي | موقع الترفيف | تاريخ الاكتساب | Source of acquisition | سعر الشراء الطبيعي | تعداد مسلسل / التسلسل الزمني | رقم الاستدعاء | الباركود | Date last seen | مُعار | معرف المصدر الموحد | نوع الوعاء | تحديد مواد ( مجلدات مجمعه أو جزء أخر) | التكلفة |
|---|---|---|---|---|---|---|---|---|---|---|---|---|---|---|---|---|---|---|---|---|
| Dewey Decimal Classification | دار النهضة العربية | Central Library | Central Library | First floor | 27/11/2016 | Purchase | 275.00 | 2815 | 346.62048 ق ل ي | 000040065 | 15/07/2025 | 18/08/2021 | 343.75 | Book - Borrowing | ||||||
| Lost | Dewey Decimal Classification | دار النهضة العربية | Central Library | Central Library | First floor | 14/02/2017 | Purchase | 275.00 | 2815 | 346.62048 ق ل ي | 000045464 | 15/02/2021 | 15/02/2021 | Book - Borrowing | Lost In Inventory_24-8-2022 | 343.75 |